| 000 | 00674nam a2200229Ia 4500 | ||
|---|---|---|---|
| 003 | BUBTL | ||
| 008 | 151213s9999 xx 000 0 und d | ||
| 020 | _a9780415746984 | ||
| 082 | _a415/ T145u/ 2015 | ||
| 100 |
_aTallerman, Maggie _94964 |
||
| 245 |
_aUnderstanding Syntax/ _cMaggie Tallerman |
||
| 250 | _a4th Edn. | ||
| 260 |
_aLondon: _bRoutledge Taylor & Francis Group _cc2015 |
||
| 300 |
_axviii,341 p.: _b23 cm |
||
| 500 | _aIncludes Index | ||
| 505 | _aUnderstanding Syntax, Maggie Tallerman, English, English Language | ||
| 650 | _aEnglish Language | ||
| 650 | _a | ||
| 856 |
_k0 _l0 _yDownload |
||
| 942 |
_2ddc _cBK |
||
| 999 |
_c6876 _d6876 |
||